| 000 | 00733nam a22002297a 4500 | ||
|---|---|---|---|
| 005 | 20250108150212.0 | ||
| 010 | _aENG-141681 ENG-143257 | ||
| 020 |
_a9789388658782 _c1250.00 |
||
| 020 |
_a9789392176845 _c1500.00 |
||
| 035 | _aEN-125213 | ||
| 035 | _aEN-126789 | ||
| 037 | _bDBAD | ||
| 082 | _a230.2 | ||
| 100 |
_aPadhi Rama Chandra _976102 |
||
| 245 |
_aPhilosophy of The Supreme/ _cBy Rama Chandra Padhi |
||
| 260 |
_aNew Delhi _bNational Paperbacks _c2023 |
||
| 270 |
_a4230/1, Ansari Road, Darya Ganj _bNew Delhi _e110002 _k011-41040710 |
||
| 300 |
_acxv,=323p. _c25cm.(Hb) _b,ill |
||
| 490 | _v1,2 | ||
| 500 | _aThe Spiritual Science of God and His Creation/ | ||
| 942 |
_2ddc _cEN _h230.2 _mPAD |
||
| 999 |
_c205727 _d205727 |
||